|
|
|
|
| LEADER |
00696nam a22002051a 4500 |
| 020 |
|
|
|a 9780415698672
|c 0.00
|
| 040 |
|
|
|a SSUS - Library - Kalady
|
| 082 |
|
|
|a 791.430 954
|b NAN/H
|
| 100 |
|
|
|a Nandini Bhattacharya
|
| 245 |
|
|
|a Hindi cinema : repeating the subject
|h [Text]
|
| 260 |
|
|
|a London
|b Routledge
|c 2013
|
| 300 |
|
|
|a 219p.
|
| 600 |
|
|
|a Arts
|
| 600 |
|
|
|a Motion Pictures
|
| 600 |
|
|
|a Motion Pictures India
|
| 600 |
|
|
|a Motion Pictures Hindi History
|
| 852 |
|
|
|h 791.430 954
|i NAN/H
|p 071052
|9 7344.00
|t 0
|
| 942 |
|
|
|c BK
|
| 999 |
|
|
|c 17489
|d 17489
|
| 952 |
|
|
|0 0
|1 0
|4 0
|6 791_430000000000000_954_NAN_H
|7 0
|9 24652
|a SSUS
|b SSUS
|d 2015-01-08
|g 7344.00
|o 791.430 954 NAN/H
|p 071052
|r 2015-01-08
|v 0.00
|w 2015-01-08
|y BK
|